000 00906nam a2200241 a 4500
001 BRL_1634
005 20190320211311.0
008 150414s1963----sp-abeo###---#000-0#eng-#
041 _aeng
044 _asp
050 4 _aN5310.5.S7
_b.C37 1963
100 1 _aCarballo, Jesús
_d1874-1961
_927497
245 1 0 _aThe cave of Altamira
_band other caves qith paintings in the province of Santander
_cJ. Carballo ; translated into english by Madeleine D. Lorch.
260 _aSantander, España
_bPatronato de las Cuevas Prehistóricas de la Provincia de Santender
_c1963
300 _a96 p.
_bil.(a color), mapas, planos
_c17 cm.
500 _aAu1845
650 1 4 _aPintura rupestre
_zSantander (España)
_927498
650 1 4 _aArte prehistórico
_zSantander (España)
_927499
651 4 _aAltamira, Cuevas de (España)
_927500
700 1 _aLorch, Madeleine D.
_etr.
_927501
902 _aGRL
942 _2lcc
_cB
999 _c10443
_d10443